• 首页
  • 本馆介绍
  • 公告通知
  • 最新文献
  • 馆藏检索
  • 电子资源
  • 读者导购
  • 参考咨询
  • 我的图书馆
  • 登录
  • 详细信息显示
  • 放入我的书架
  • 预约/预借图书
  • 作者相关作品
  • 分类相关作品
  • 丛书相关作品
  • 出版社相关作品

书目信息

  • 表格格式
  • 工作单格式
  • 卡片格式
题名:
明末农民战争史
    
 
作者: 顾威 著
分册:  
出版信息: 北京   中国社会科学出版社  1984.10
页数: 420页
开本: 20cm
丛书名:
单 册:
中图分类: K248.1
科图分类:
主题词: 中国--历史
电子资源:
ISBN:
000 00549nam0 2200205 45
001 0312221749
005 20040508112108.8
010    @dCNY1.55
091    @a11190.129
100    @a20031222d1984 km y0chiy0120 ea
101    @achi
105    @a z 000yy
200 1  @a明末农民战争史@AMing Mo Nong Min Zhan Zheng Shi@f顾威著@FGu Wei Zhu
210    @a北京@c中国社会科学出版社@d1984.10
215    @a420页@d20cm
606 0  @a中国@x历史
690    @aK248.1@v3
701 0  @a顾威@4著
801    @aCN@bTSTCL@c20031222
905    @dK248.1@e26@f2@b138746-747
    
    明末农民战争史/顾威著.-北京:中国社会科学出版社,1984.10
    420页;20cm
    
    
    ISBN :CNY1.55
    
●
相关链接 在E读中查询图书 在五车中查询图书 在当当中查询图书 在豆瓣中查询图书


正题名:明末农民战争史     索取号:K248.1/26         预约/预借

序号 登录号 条形码 馆藏地/架位号 状态 备注
1 0138746   001312029   第二借阅区/ [索取号:K248.1/26] 在馆    
2 0138747   001312010   第二借阅区/ [索取号:K248.1/26] 在馆    
3 0138748   202120187   第二样本阅览室/ [索取号:K248.1/26] 在馆    
唐山师范学院图书馆 欢迎您!
大连网信软件有限公司© 版权所有